| 000 | 00577nam a2200217Ia 4500 | ||
|---|---|---|---|
| 003 | GCL | ||
| 008 | 140319s9999 xx 000 0 eng d | ||
| 020 | _a1882292235 | ||
| 040 |
_aGCL / _cGCL |
||
| 082 | 0 | 4 |
_a747 _bP G |
| 100 | 1 | _aPELLAM, JOHN L. | |
| 245 | 1 | 0 |
_aGREAT DESIGNERS OF THE WORLD / _cPELLAM, JOHN L. |
| 260 |
_aانجلترا : _b2002 BIBLIOTHEQUE : WORLD WIDE ، _c2002 |
||
| 300 |
_a32 CM ؛ _c159 P |
||
| 650 | 0 | 4 | _aINTERIOR DECORATION |
| 650 | 0 | 4 | _aARTS |
| 650 | 0 | 4 | _aDECORATIVE ARTS |
| 650 | 0 | 4 | _aINTERIOR DESIGN |
| 650 | 0 | 4 | _aDESIGNS |
| 942 |
_2ddc _cBK |
||
| 999 |
_c5690 _d5690 |
||